[Event "Oberliga Ost A 2023 2024"]
[Site "?"]
[Date "2024.03.16"]
[Round "8.5"]
[Board "7"]
[White "Poessel, Christian"]
[Black "Kaiser, Dieter"]
[Result "1/2-1/2"]
[WhiteElo "1947"]
[BlackElo "2207"]
[PlyCount "38"]
[EventDate "2023.10.22"]
[EventType "team-tourn"]
[EventCountry "GER"]
[WhiteTeam "Aue ESV Nickelhuette II"]
[BlackTeam "Dresden SG Gruen Weiss"]
[WhiteTeamCountry "GER"]
[BlackTeamCountry "GER"]

1. d4 Nf6 2. Nf3 d5 3. c4 e6 4. Nc3 Be7 5. g3 Nbd7 6. Bg2 O-O 7. O-O dxc4 8. e4 Rb8 9. a4 a6 10. Bf4 b5 11. axb5 axb5 12. Ra7 Rb7 13. Rxb7 Bxb7 14. Nxb5 Bxe4 15. Bxc7 Qa8 16. Nc3 Qb7 17. Nxe4 Qxc7 18. Nc3 Rb8 19. Qe2 Bf8 1/2-1/2

[Event "Oberliga Ost A 2023 2024"]
[Site "?"]
[Date "2024.03.16"]
[Round "8.5"]
[Board "8"]
[White "Gehmlich, Marcel"]
[Black "Heinz, Thomas"]
[Result "1-0"]
[WhiteElo "2176"]
[BlackElo "2108"]
[PlyCount "69"]
[EventDate "2023.10.22"]
[EventType "team-tourn"]
[EventCountry "GER"]
[WhiteTeam "Dresden SG Gruen Weiss"]
[BlackTeam "Aue ESV Nickelhuette II"]
[WhiteTeamCountry "GER"]
[BlackTeamCountry "GER"]

1. c4 e5 2. Nc3 Nc6 3. Nf3 d6 4. d4 exd4 5. Nxd4 Nxd4 6. Qxd4 Nf6 7. g3 Bd7 8. Bg2 Bc6 9. e4 Be7 10. O-O O-O 11. b4 b6 12. Bb2 Nd7 13. Nd5 Bf6 14. Nxf6+ Qxf6 15. Qd2 Qe6 16. Rac1 a5 17. b5 Bb7 18. Rfe1 Qg6 19. e5 Bxg2 20. Kxg2 Nxe5 21. Bxe5 dxe5 22. Rxe5 Rad8 23. Rd5 Qe4+ 24. Kg1 Rxd5 25. cxd5 Rd8 26. Rxc7 f6 27. d6 Qb1+ 28. Kg2 Qxb5 29. a4 Qe5 30. Qa2+ Kh8 31. Qf7 Qe4+ 32. f3 Qg6 33. Qe7 Re8 34. d7 Rxe7 35. Rc8+ 1-0

[Event "Oberliga Ost A 2023 2024"]
[Site "?"]
[Date "2024.03.16"]
[Round "8.6"]
[Board "1"]
[White "Mazur, Stefan"]
[Black "Spivak, Ilya"]
[Result "1/2-1/2"]
[WhiteElo "2443"]
[BlackElo "2300"]
[PlyCount "81"]
[EventDate "2023.10.22"]
[EventType "team-tourn"]
[EventCountry "GER"]
[WhiteTeam "Reichenbrand SV Eiche"]
[BlackTeam "Hoyerswerda FVS ASP"]
[WhiteTeamCountry "GER"]
[BlackTeamCountry "GER"]

1. e4 c5 2. Nf3 e6 3. d4 cxd4 4. Nxd4 Nf6 5. Nc3 Nc6 6. Ndb5 d6 7. Bf4 e5 8. Bg5 a6 9. Na3 b5 10. Bxf6 gxf6 11. Nd5 f5 12. Bd3 Be6 13. c3 Bg7 14. Nxb5 axb5 15. Bxb5 Rc8 16. Qa4 Bd7 17. exf5 O-O 18. O-O e4 19. Qxe4 Re8 20. Qd4 Re5 21. Rad1 Rxf5 22. Rfe1 Kh8 23. Re4 Re5 24. Rxe5 Nxe5 25. Bxd7 Nxd7 26. Ne3 Qc7 27. Nf5 Nb6 28. Qg4 Be5 29. Rd3 Qc4 30. Qxc4 Nxc4 31. b3 Nb2 32. Nxd6 Nxd3 33. Nxc8 Bxc3 34. Nd6 Kg7 35. Nb5 Ba5 36. a3 Bb6 37. Kf1 Nxf2 38. b4 Nd3 39. Ke2 Ne5 40. a4 Nc6 41. a5 1/2-1/2

[Event "Oberliga Ost A 2023 2024"]
[Site "?"]
[Date "2024.03.16"]
[Round "8.6"]
[Board "2"]
[White "Hovsepyan, Vardan"]
[Black "Bures, Jaroslav"]
[Result "1/2-1/2"]
[WhiteElo "2276"]
[BlackElo "2407"]
[PlyCount "107"]
[EventDate "2023.10.22"]
[EventType "team-tourn"]
[EventCountry "GER"]
[WhiteTeam "Hoyerswerda FVS ASP"]
[BlackTeam "Reichenbrand SV Eiche"]
[WhiteTeamCountry "GER"]
[BlackTeamCountry "GER"]

1. e4 c6 2. d4 d5 3. exd5 cxd5 4. Bd3 Nc6 5. c3 Qc7 6. h3 Nf6 7. Nf3 g6 8. O-O Bf5 9. Ne5 Bxd3 10. Nxd3 e6 11. Bf4 Bd6 12. Bxd6 Qxd6 13. Nd2 O-O 14. Qb3 b6 15. Rae1 Rac8 16. f4 Na5 17. Qa4 Nc4 18. Nxc4 dxc4 19. Ne5 Qc7 20. Rf2 Nd5 21. Qd7 Qxd7 22. Nxd7 Rfd8 23. Ne5 b5 24. a3 a5 25. Ng4 b4 26. axb4 axb4 27. Ne3 Nxe3 28. Rxe3 Ra8 29. g4 Ra1+ 30. Kg2 Rd5 31. cxb4 Ra4 32. b3 Rxb4 33. bxc4 Rxc4 34. f5 exf5 35. gxf5 Rcxd4 36. fxg6 Rg5+ 37. Kh2 hxg6 38. Re7 Rf5 39. Rxf5 gxf5 40. Re5 f4 41. Rg5+ Kf8 42. Kg2 Ke7 43. Kf3 Rd3+ 44. Kxf4 Rxh3 45. Ra5 f6 46. Ra7+ Ke6 47. Ra6+ Kf7 48. Ra1 Rh4+ 49. Kf5 Rh5+ 50. Kf4 Rg5 51. Ra8 Rb5 52. Ra1 Kg6 53. Rg1+ Rg5 54. Rxg5+ 1/2-1/2

[Event "Oberliga Ost A 2023 2024"]
[Site "?"]
[Date "2024.03.16"]
[Round "8.6"]
[Board "3"]
[White "Fuchs, Florian"]
[Black "Boehm, Robert"]
[Result "0-1"]
[WhiteElo "2309"]
[BlackElo "2170"]
[PlyCount "128"]
[EventDate "2023.10.22"]
[EventType "team-tourn"]
[EventCountry "GER"]
[WhiteTeam "Reichenbrand SV Eiche"]
[BlackTeam "Hoyerswerda FVS ASP"]
[WhiteTeamCountry "GER"]
[BlackTeamCountry "GER"]

1. d4 d5 2. Nc3 Nf6 3. Bf4 e6 4. Nb5 Na6 5. e3 c6 6. Nc3 Nb8 7. Bd3 Bd6 8. Bg3 Qc7 9. Nf3 Nbd7 10. Bxd6 Qxd6 11. O-O O-O 12. e4 dxe4 13. Nxe4 Nxe4 14. Bxe4 Nf6 15. Bd3 b6 16. Qe2 Bb7 17. Rad1 Rad8 18. Rd2 c5 19. dxc5 Qxc5 20. Rfd1 Qc7 21. c4 Rfe8 22. Ne5 g6 23. Qe3 Kg7 24. h3 Rd6 25. Bc2 Rxd2 26. Rxd2 Rd8 27. Rd4 Rxd4 28. Qxd4 Kg8 29. Ba4 Ne4 30. Ng4 h5 31. Ne5 Qd6 32. Qxd6 Nxd6 33. b4 Kf8 34. c5 bxc5 35. bxc5 Ne4 36. c6 Bc8 37. c7 Nc5 38. Bc2 Na6 39. Nc6 Nxc7 40. Nxa7 Bd7 41. Be4 Nd5 42. Bd3 Nc3 43. f4 Nxa2 44. Kf2 Nc3 45. Ke3 Ke7 46. h4 Kd6 47. Kd4 Nd5 48. g3 Ne7 49. Be4 Nf5+ 50. Bxf5 gxf5 51. Kc4 e5 52. fxe5+ Kxe5 53. Kc5 f6 54. Kb6 f4 55. gxf4+ Kxf4 56. Kc7 Ba4 57. Nc8 Kg4 58. Nb6 Bb3 59. Nd7 f5 60. Nf6+ Kxh4 61. Kd6 Kg5 62. Nd7 h4 63. Ne5 h3 64. Kc5 Kf4 0-1

[Event "Oberliga Ost A 2023 2024"]
[Site "?"]
[Date "2024.03.16"]
[Round "8.6"]
[Board "4"]
[White "Kregelin, Jan"]
[Black "Fischer, Edwin"]
[Result "1/2-1/2"]
[WhiteElo "2114"]
[BlackElo "2190"]
[PlyCount "39"]
[EventDate "2023.10.22"]
[EventType "team-tourn"]
[EventCountry "GER"]
[WhiteTeam "Hoyerswerda FVS ASP"]
[BlackTeam "Reichenbrand SV Eiche"]
[WhiteTeamCountry "GER"]
[BlackTeamCountry "GER"]

1. d4 d5 2. c4 e6 3. Nc3 Nf6 4. Bg5 Nbd7 5. e3 h6 6. Bh4 Be7 7. Nf3 Ne4 8. Bxe7 Qxe7 9. Bd3 Nxc3 10. bxc3 dxc4 11. Bxc4 O-O 12. O-O Re8 13. Re1 e5 14. e4 c5 15. Qd3 cxd4 16. cxd4 exd4 17. Qxd4 Nb6 18. Bb3 Bg4 19. Qe3 Be6 20. Rad1 1/2-1/2

[Event "Oberliga Ost A 2023 2024"]
[Site "?"]
[Date "2024.03.16"]
[Round "8.6"]
[Board "5"]
[White "Laemmel, Sebastian"]
[Black "Wolf, Andreas"]
[Result "0-1"]
[WhiteElo "2187"]
[BlackElo "2031"]
[PlyCount "64"]
[EventDate "2023.10.22"]
[EventType "team-tourn"]
[EventCountry "GER"]
[WhiteTeam "Reichenbrand SV Eiche"]
[BlackTeam "Hoyerswerda FVS ASP"]
[WhiteTeamCountry "GER"]
[BlackTeamCountry "GER"]

1. d4 Nf6 2. c4 e6 3. Nf3 d5 4. Nc3 Be7 5. Bf4 O-O 6. e3 b6 7. Bd3 Bb7 8. cxd5 Nxd5 9. Nxd5 Qxd5 10. Bxc7 Bb4+ 11. Kf1 Be7 12. Kg1 Rc8 13. Bg3 Nc6 14. h4 Nb4 15. Bb1 Qh5 16. a3 Nd5 17. Bd3 f5 18. Be5 h6 19. Rh3 Bf6 20. Bxf6 Nxf6 21. Ne5 Qe8 22. Rh1 Rc7 23. Rc1 Rac8 24. Rxc7 Rxc7 25. Kh2 Qd8 26. f3 Nh5 27. g3 g5 28. Bc4 Rxc4 29. Nxc4 gxh4 30. Ne5 Qg5 31. g4 Qxe3 32. gxh5 Qf2+ 0-1

[Event "Oberliga Ost A 2023 2024"]
[Site "?"]
[Date "2024.03.16"]
[Round "8.6"]
[Board "6"]
[White "Graf, Roland"]
[Black "Kyas, Juergen"]
[Result "1/2-1/2"]
[WhiteElo "2114"]
[BlackElo "2181"]
[PlyCount "31"]
[EventDate "2023.10.22"]
[EventType "team-tourn"]
[EventCountry "GER"]
[WhiteTeam "Hoyerswerda FVS ASP"]
[BlackTeam "Reichenbrand SV Eiche"]
[WhiteTeamCountry "GER"]
[BlackTeamCountry "GER"]

1. e4 c5 2. c3 g6 3. d4 cxd4 4. cxd4 d5 5. e5 a6 6. Nc3 Nc6 7. Nf3 Bg4 8. Be2 e6 9. O-O Nge7 10. Ne1 Bxe2 11. Nxe2 Bg7 12. f4 h5 13. Be3 O-O 14. Nf3 Qb6 15. Qd2 Rfc8 16. Rfc1 1/2-1/2

[Event "Oberliga Ost A 2023 2024"]
[Site "?"]
[Date "2024.03.16"]
[Round "8.6"]
[Board "7"]
[White "Kapp, Martin"]
[Black "Heyme, Sibylle"]
[Result "1-0"]
[WhiteElo "2189"]
[BlackElo "1987"]
[PlyCount "119"]
[EventDate "2023.10.22"]
[EventType "team-tourn"]
[EventCountry "GER"]
[WhiteTeam "Reichenbrand SV Eiche"]
[BlackTeam "Hoyerswerda FVS ASP"]
[WhiteTeamCountry "GER"]
[BlackTeamCountry "GER"]

1. d4 Nf6 2. c4 g6 3. Nc3 Bg7 4. e4 d6 5. Be2 c6 6. Nf3 O-O 7. O-O Nbd7 8. Qc2 e5 9. Rd1 Qc7 10. dxe5 dxe5 11. Be3 Re8 12. h3 Nf8 13. Bc5 N6d7 14. Bd6 Qd8 15. a4 Qf6 16. a5 Ne6 17. Na4 Nf4 18. Ra3 Nxe2+ 19. Qxe2 g5 20. Nh2 h6 21. Nf1 Qg6 22. Ng3 Nf8 23. Nc5 Ne6 24. Nxe6 Bxe6 25. Rb3 Bc8 26. Qc2 Bf6 27. Nf5 h5 28. g4 Qh7 29. Kg2 Bd8 30. Bb4 Bxf5 31. gxf5 Qh6 32. Rd6 Qg7 33. Rd7 b6 34. a6 c5 35. Bd2 Bf6 36. Qd1 Red8 37. Rbd3 Rxd7 38. Rxd7 g4 39. hxg4 hxg4 40. Qh1 g3 41. Rd3 Rd8 42. Rxg3 Rxd2 43. Qh6 Qxg3+ 44. Kxg3 Rd6 45. Kg4 Be7 46. Qh2 Bf6 47. f4 Rd4 48. Kf3 Rd3+ 49. Ke2 Rb3 50. Kd1 exf4 51. Qxf4 Rd3+ 52. Kc2 Rd4 53. Qb8+ Bd8 54. b3 Rd7 55. Qc8 Rd4 56. e5 Kg7 57. Qb7 Rf4 58. f6+ Kg6 59. Qxa7 Kf5 60. Qd7+ 1-0

[Event "Oberliga Ost A 2023 2024"]
[Site "?"]
[Date "2024.03.16"]
[Round "8.6"]
[Board "8"]
[White "Roessel, Louis"]
[Black "Fehlhammer, Michael"]
[Result "1/2-1/2"]
[WhiteElo "1975"]
[BlackElo "2170"]
[PlyCount "75"]
[EventDate "2023.10.22"]
[EventType "team-tourn"]
[EventCountry "GER"]
[WhiteTeam "Hoyerswerda FVS ASP"]
[BlackTeam "Reichenbrand SV Eiche"]
[WhiteTeamCountry "GER"]
[BlackTeamCountry "GER"]

1. e4 e6 2. Nc3 d5 3. d4 Nf6 4. Bg5 Be7 5. e5 Nfd7 6. h4 c5 7. Bxe7 Kxe7 8. f4 Nc6 9. dxc5 Nxc5 10. Qg4 Kf8 11. O-O-O Qa5 12. Nge2 b5 13. Nd4 Nxd4 14. Rxd4 b4 15. Nd1 Qxa2 16. Rxb4 a5 17. Rb6 Qa1+ 18. Kd2 a4 19. Rh3 a3 20. Rxa3 Rxa3 21. bxa3 Qd4+ 22. Kc1 Nd3+ 23. Bxd3 Qxb6 24. h5 h6 25. Qh4 Bd7 26. Nc3 Be8 27. Qg3 Qc5 28. Kb2 Qd4 29. Kb3 Qb6+ 30. Ka2 Qd4 31. Kb3 f6 32. Qg4 Kf7 33. Nb5 Qb6 34. Kc3 Qa5+ 35. Kb3 Qb6 36. Kc3 Qa5+ 37. Kb3 Qb6 38. Kc3 1/2-1/2

[Event "Oberliga Ost A 2023 2024"]
[Site "?"]
[Date "2024.03.17"]
[Round "9.1"]
[Board "1"]
[White "Becker, Michael"]
[Black "Nguyen, Alex Dac Vuong"]
[Result "0-1"]
[WhiteElo "2258"]
[BlackElo "2381"]
[PlyCount "94"]
[EventDate "2023.10.22"]
[EventType "team-tourn"]
[EventCountry "GER"]
[WhiteTeam "Dessau SK"]
[BlackTeam "Leipzig SG"]
[WhiteTeamCountry "GER"]
[BlackTeamCountry "GER"]

1. e4 e6 2. d3 d5 3. Qe2 Nc6 4. exd5 Nd4 5. Qd1 Qxd5 6. Nc3 Qc6 7. Nge2 e5 8. f4 Bd6 9. Be3 Nf5 10. Qd2 Nxe3 11. Qxe3 Nf6 12. fxe5 Ng4 13. Qe4 Qxe4 14. Nxe4 Bxe5 15. d4 Bxh2 16. g3 Bf5 17. Nf2 h5 18. Nxg4 hxg4 19. Bg2 O-O-O 20. Kd2 Be6 21. b3 c5 22. Raf1 f5 23. Rf2 g5 24. Rxh2 Rxh2 25. Bxb7+ Kxb7 26. Rxh2 cxd4 27. Kd3 f4 28. gxf4 Bf5+ 29. Kd2 d3 30. fxg5 dxe2+ 31. Kxe2 Bxc2 32. Ke3 Bd1 33. g6 Rg8 34. Rd2 Bf3 35. Rd6 Kc7 36. Rf6 Kd7 37. Kf4 Ke7 38. Ra6 Be2 39. Rxa7+ Kf6 40. Ke3 Re8+ 41. Kf2 Kxg6 42. a4 Bd1 43. b4 Re4 44. b5 Rxa4 45. Rd7 Bf3 46. Kg3 Rb4 47. Rd6+ Kg5 0-1

[Event "Oberliga Ost A 2023 2024"]
[Site "?"]
[Date "2024.03.17"]
[Round "9.1"]
[Board "2"]
[White "Natsidis, Christoph"]
[Black "Matthey, Harald"]
[Result "1/2-1/2"]
[WhiteElo "2352"]
[BlackElo "2071"]
[PlyCount "27"]
[EventDate "2023.10.22"]
[EventType "team-tourn"]
[EventCountry "GER"]
[WhiteTeam "Leipzig SG"]
[BlackTeam "Dessau SK"]
[WhiteTeamCountry "GER"]
[BlackTeamCountry "GER"]

1. d4 Nf6 2. c4 g6 3. f3 Bg7 4. e4 d6 5. Nc3 O-O 6. Nge2 c5 7. Be3 Nc6 8. d5 Na5 9. Nc1 a6 10. Be2 e6 11. O-O exd5 12. exd5 Ne8 13. Bd3 Bd7 14. a4 1/2-1/2

[Event "Oberliga Ost A 2023 2024"]
[Site "?"]
[Date "2024.03.17"]
[Round "9.1"]
[Board "3"]
[White "Mirschinka, Dirk"]
[Black "Haufe, Laurin"]
[Result "0-1"]
[WhiteElo "2153"]
[BlackElo "2171"]
[PlyCount "56"]
[EventDate "2023.10.22"]
[EventType "team-tourn"]
[EventCountry "GER"]
[WhiteTeam "Dessau SK"]
[BlackTeam "Leipzig SG"]
[WhiteTeamCountry "GER"]
[BlackTeamCountry "GER"]

1. Nf3 Nf6 2. g3 c5 3. Bg2 Nc6 4. O-O e5 5. d3 d5 6. c3 Be7 7. e4 O-O 8. Nbd2 Rb8 9. exd5 Nxd5 10. Nc4 f6 11. a4 Be6 12. Qe2 Nc7 13. Be3 Qd7 14. Rfd1 Rfd8 15. Ne1 Nd5 16. Bd2 b6 17. Be4 Bf8 18. f4 exf4 19. gxf4 a6 20. Qg2 Nce7 21. Qf2 Nf5 22. Ne3 Ndxe3 23. Bxe3 Nxe3 24. Qxe3 Re8 25. Qf3 Re7 26. f5 Bb3 27. Rd2 Rbe8 28. Ng2 Rxe4 0-1

[Event "Oberliga Ost A 2023 2024"]
[Site "?"]
[Date "2024.03.17"]
[Round "9.1"]
[Board "4"]
[White "Richter, Leonard"]
[Black "Schubert, Ralf"]
[Result "0-1"]
[WhiteElo "2261"]
[BlackElo "2084"]
[PlyCount "120"]
[EventDate "2023.10.22"]
[EventType "team-tourn"]
[EventCountry "GER"]
[WhiteTeam "Leipzig SG"]
[BlackTeam "Dessau SK"]
[WhiteTeamCountry "GER"]
[BlackTeamCountry "GER"]

1. e4 c5 2. Nf3 d6 3. d4 cxd4 4. Nxd4 Nf6 5. Nc3 g6 6. Be3 Bg7 7. Be2 O-O 8. f4 Nc6 9. Nb3 Be6 10. g4 Na5 11. g5 Ne8 12. Bd4 Bc4 13. h4 Bxe2 14. Nxe2 Nc4 15. h5 e5 16. Qd3 Qc8 17. Bc3 exf4 18. hxg6 fxg6 19. O-O-O Ne3 20. Bxg7 Nxg7 21. Rdg1 Qe6 22. Rh4 Qe5 23. Nd2 Nh5 24. Nf3 Qc5 25. Ned4 Qc4 26. Qxc4+ Nxc4 27. Ne6 Rf7 28. Rd1 Re8 29. Ned4 Rxe4 30. Rh2 Ng3 31. Nb5 Re3 32. Rf2 Ne4 33. Rff1 a6 34. Nbd4 Ne5 35. c3 Nxf3 36. Nxf3 Kg7 37. Rd5 h6 38. gxh6+ Kxh6 39. Rh1+ Kg7 40. Nd2 Rf6 41. Nc4 Re2 42. Rf1 g5 43. Kd1 Rg2 44. Rd4 Re6 45. Rf3 Kf6 46. a4 b5 47. axb5 axb5 48. Nb6 Rxb2 49. Nd5+ Kf5 50. Ne3+ Kg6 51. Nd5 Rh2 52. Kc1 Nc5 53. Kd1 Rh1+ 54. Kc2 Re2+ 55. Rd2 Rxd2+ 56. Kxd2 Rh2+ 57. Kd1 Kf5 58. Nc7 Ke4 59. Rf1 Ra2 60. Nxb5 Ke3 0-1

[Event "Oberliga Ost A 2023 2024"]
[Site "?"]
[Date "2024.03.17"]
[Round "9.1"]
[Board "5"]
[White "Erler, Rainer"]
[Black "Roesemann, Rainer"]
[Result "0-1"]
[WhiteElo "2132"]
[BlackElo "2244"]
[PlyCount "150"]
[EventDate "2023.10.22"]
[EventType "team-tourn"]
[EventCountry "GER"]
[WhiteTeam "Dessau SK"]
[BlackTeam "Leipzig SG"]
[WhiteTeamCountry "GER"]
[BlackTeamCountry "GER"]

1. e4 c6 2. d4 d5 3. e5 Bf5 4. Nf3 e6 5. Be2 c5 6. Be3 Qb6 7. Nc3 Nc6 8. Na4 Qa5+ 9. c3 c4 10. b4 Bxb4 11. cxb4 Nxb4 12. Nc5 Nc2+ 13. Kf1 Nxa1 14. Qxa1 Qc7 15. Nh4 Ne7 16. g4 Bg6 17. Nxg6 hxg6 18. Qb2 b6 19. Na6 Qb7 20. Qb5+ Nc6 21. Nb4 Rc8 22. Kg2 O-O 23. Rb1 Nb8 24. Nc2 Rc6 25. Bc1 a6 26. Qb4 b5 27. a4 Rb6 28. Ba3 Rc8 29. a5 Rbc6 30. Qc3 Rd8 31. Qe3 Rcc8 32. Bd6 Rxd6 33. exd6 Nc6 34. Qa3 Qb8 35. d7 Rd8 36. Nb4 Qd6 37. Qc3 Nxb4 38. Qxb4 Qxb4 39. Rxb4 Rxd7 40. Kf3 g5 41. Ke3 f6 42. Bd1 Kf7 43. Bc2 Rd8 44. f3 Ke7 45. Bd1 Kd6 46. Rb2 Rh8 47. Rf2 e5 48. Rb2 Rh3 49. Rf2 b4 50. Rb2 b3 51. Bxb3 exd4+ 52. Kxd4 Rxf3 53. Bc2 Rf4+ 54. Kc3 Kc5 55. Bf5 d4+ 56. Kc2 Rf2+ 57. Kc1 Rf1+ 58. Kc2 Ra1 59. Rb7 Ra2+ 60. Kb1 Rxa5 61. Rxg7 Kb4 62. Kb2 Re5 63. Rb7+ Rb5 64. Rc7 Re5 65. Rb7+ Kc5 66. Rc7+ Kb5 67. Rb7+ Kc6 68. Rf7 Re2+ 69. Kc1 a5 70. Rxf6+ Kc5 71. Bc2 Kb4 72. Rf3 Rxh2 73. Bf5 a4 74. Kb1 a3 75. Rg3 Rd2 0-1

[Event "Oberliga Ost A 2023 2024"]
[Site "?"]
[Date "2024.03.17"]
[Round "9.1"]
[Board "6"]
[White "Kalkhof, Stefan"]
[Black "Ozeran, Volodymyr"]
[Result "1/2-1/2"]
[WhiteElo "2235"]
[BlackElo "2097"]
[PlyCount "54"]
[EventDate "2023.10.22"]
[EventType "team-tourn"]
[EventCountry "GER"]
[WhiteTeam "Leipzig SG"]
[BlackTeam "Dessau SK"]
[WhiteTeamCountry "GER"]
[BlackTeamCountry "GER"]

1. d4 d5 2. Nf3 Nf6 3. c4 e6 4. Bg5 Be7 5. Nc3 h6 6. Bh4 O-O 7. e3 Nbd7 8. Rc1 dxc4 9. Bxc4 c5 10. O-O a6 11. a4 b6 12. Qe2 Bb7 13. Rfd1 Nd5 14. Bxd5 exd5 15. Bxe7 Qxe7 16. dxc5 Nxc5 17. Nd4 a5 18. Nf5 Qf6 19. Nxd5 Bxd5 20. Rxd5 Rfd8 21. Rxd8+ Rxd8 22. Nd4 Nxa4 23. Rc6 Rd6 24. Rc8+ Rd8 25. Rc6 Rd6 26. Rc8+ Rd8 27. Rc6 Rd6 1/2-1/2

[Event "Oberliga Ost A 2023 2024"]
[Site "?"]
[Date "2024.03.17"]
[Round "9.1"]
[Board "7"]
[White "Schaefer, Sven"]
[Black "Rausch, Stephan"]
[Result "1/2-1/2"]
[WhiteElo "1987"]
[BlackElo "2258"]
[PlyCount "57"]
[EventDate "2023.10.22"]
[EventType "team-tourn"]
[EventCountry "GER"]
[WhiteTeam "Dessau SK"]
[BlackTeam "Leipzig SG"]
[WhiteTeamCountry "GER"]
[BlackTeamCountry "GER"]

1. e4 e6 2. d4 d5 3. Nd2 Nf6 4. e5 Nfd7 5. Bd3 c5 6. c3 Nc6 7. Ne2 Qb6 8. Nf3 cxd4 9. cxd4 f6 10. exf6 Nxf6 11. O-O Bd6 12. Nc3 O-O 13. a3 Bd7 14. Be3 Rae8 15. Ne5 Bxe5 16. dxe5 Qxb2 17. exf6 Qxc3 18. fxg7 Qxg7 19. Qd2 Ne5 20. Be2 Ng4 21. Bxg4 Qxg4 22. f4 Rf6 23. Rf3 Rg6 24. Rg3 Qf5 25. Rxg6+ hxg6 26. Re1 Rc8 27. Bxa7 Qc2 28. Qe3 Qc3 29. Bd4 1/2-1/2

[Event "Oberliga Ost A 2023 2024"]
[Site "?"]
[Date "2024.03.17"]
[Round "9.1"]
[Board "8"]
[White "Pietzsch, Manuel"]
[Black "Leibovitch, Iziaslav"]
[Result "1/2-1/2"]
[WhiteElo "2055"]
[BlackElo "2091"]
[PlyCount "43"]
[EventDate "2023.10.22"]
[EventType "team-tourn"]
[EventCountry "GER"]
[WhiteTeam "Leipzig SG"]
[BlackTeam "Dessau SK"]
[WhiteTeamCountry "GER"]
[BlackTeamCountry "GER"]

1. e4 d6 2. d4 Nf6 3. Nc3 e5 4. Nf3 Nbd7 5. g4 h6 6. g5 hxg5 7. Bxg5 Be7 8. Qd2 c6 9. Rg1 b5 10. a3 a6 11. O-O-O Qa5 12. Kb1 b4 13. axb4 Qxb4 14. dxe5 Rb8 15. b3 dxe5 16. Bd3 a5 17. Na2 Qa3 18. Qc3 a4 19. Bc1 Qc5 20. Be3 Qxc3 21. Nxc3 axb3 22. cxb3 1/2-1/2

[Event "Oberliga Ost A 2023 2024"]
[Site "?"]
[Date "2024.03.17"]
[Round "9.2"]
[Board "1"]
[White "Wagner, Benjamin"]
[Black "Henning, Marvin"]
[Result "1-0"]
[WhiteElo "2151"]
[BlackElo "2099"]
[PlyCount "155"]
[EventDate "2023.10.22"]
[EventType "team-tourn"]
[EventCountry "GER"]
[WhiteTeam "Magdeburg SG Aufbau Elbe II"]
[BlackTeam "Leipzig SG II"]
[WhiteTeamCountry "GER"]
[BlackTeamCountry "GER"]

1. e4 g6 2. d4 Bg7 3. Nc3 c5 4. dxc5 Qa5 5. Bd2 Qxc5 6. Nd5 Na6 7. Nf3 e6 8. Bc3 Kf8 9. Bxg7+ Kxg7 10. Nc3 Nc7 11. Qd2 f6 12. O-O-O b5 13. h4 a5 14. h5 a4 15. e5 f5 16. hxg6 h6 17. Ne2 b4 18. Nf4 b3 19. a3 Qxc2+ 20. Qxc2 bxc2 21. Rd3 Ne7 22. Nd4 Ncd5 23. Nxd5 exd5 24. Rf3 Ba6 25. Nxf5+ Nxf5 26. Rxf5 Bxf1 27. Rf7+ Kxg6 28. Rf6+ Kg7 29. Rxf1 Ra7 30. Rd6 Rb8 31. Kxc2 Rc7+ 32. Kb1 Rcb7 33. b4 axb3 34. Rxd5 Kf7 35. f4 Ke8 36. Kb2 Rc8 37. Rc1 Rxc1 38. Kxc1 b2+ 39. Kb1 Rb3 40. Rd6 Rxa3 41. Kxb2 Rg3 42. Kc2 h5 43. Kd2 h4 44. Rh6 Rxg2+ 45. Ke3 Rh2 46. Kf3 h3 47. Kg4 Rg2+ 48. Kxh3 Rg1 49. Kh4 Kf7 50. Kh5 Rg2 51. Rf6+ Ke7 52. Rg6 Rh2+ 53. Kg5 Rh7 54. f5 Kf8 55. Rf6+ Kg7 56. Rd6 Kf8 57. f6 Ke8 58. e6 dxe6 59. Kg6 Rh3 60. f7+ Ke7 61. Rxe6+ Kxe6 62. f8=Q Rg3+ 63. Kh5 Rd3 64. Kg5 Rd5+ 65. Kf4 Rd4+ 66. Ke3 Rd5 67. Qe8+ Kd6 68. Ke4 Rc5 69. Qd8+ Kc6 70. Kd4 Rb5 71. Qc8+ Kb6 72. Kc4 Ra5 73. Qd8+ Ka6 74. Qd7 Kb6 75. Kb4 Ra8 76. Qd6+ Kb7 77. Kb5 Ra7 78. Qd8 1-0

[Event "Oberliga Ost A 2023 2024"]
[Site "?"]
[Date "2024.03.17"]
[Round "9.2"]
[Board "2"]
[White "Schiffer, Stefan"]
[Black "Lippert, Daniel"]
[Result "0-1"]
[WhiteElo "2192"]
[BlackElo "2081"]
[PlyCount "114"]
[EventDate "2023.10.22"]
[EventType "team-tourn"]
[EventCountry "GER"]
[WhiteTeam "Leipzig SG II"]
[BlackTeam "Magdeburg SG Aufbau Elbe II"]
[WhiteTeamCountry "GER"]
[BlackTeamCountry "GER"]

1. d4 d5 2. Nf3 Nf6 3. e3 Bf5 4. c4 c6 5. Nc3 e6 6. Nh4 Bg4 7. Qb3 Qb6 8. h3 Bh5 9. g4 Bg6 10. Nxg6 hxg6 11. Bg2 Be7 12. Bd2 Nbd7 13. O-O-O g5 14. Kb1 Qxb3 15. axb3 Nb6 16. e4 dxc4 17. bxc4 Nxc4 18. Bxg5 Nb6 19. f4 Rc8 20. Rhe1 Rc7 21. f5 O-O 22. d5 exd5 23. exd5 Nfxd5 24. Nxd5 Nxd5 25. Rxd5 Bxg5 26. Rd3 Rb8 27. Kc2 Kf8 28. h4 Be7 29. g5 Rd8 30. Re2 Rxd3 31. Kxd3 Bc5 32. h5 Rd7+ 33. Kc2 Re7 34. Rxe7 Bxe7 35. g6 fxg6 36. fxg6 Bf6 37. b3 Ke7 38. Bh3 Kd6 39. Bc8 Kc7 40. Bg4 Kd6 41. Bc8 b5 42. Ba6 Kc5 43. Bb7 Kb6 44. Ba8 c5 45. Bd5 Ka5 46. Kd3 Kb4 47. Be6 a5 48. Bd5 a4 49. Kc2 axb3+ 50. Bxb3 c4 51. Ba2 Ka3 52. Bb1 b4 53. Kc1 b3 54. Bf5 Kb4 55. Be6 Bg5+ 56. Kb1 c3 57. Bf5 Kc5 0-1

[Event "Oberliga Ost A 2023 2024"]
[Site "?"]
[Date "2024.03.17"]
[Round "9.2"]
[Board "3"]
[White "Rafayevych, Vilen"]
[Black "Roemling, Sven"]
[Result "1/2-1/2"]
[WhiteElo "2177"]
[BlackElo "2228"]
[PlyCount "111"]
[EventDate "2023.10.22"]
[EventType "team-tourn"]
[EventCountry "GER"]
[WhiteTeam "Magdeburg SG Aufbau Elbe II"]
[BlackTeam "Leipzig SG II"]
[WhiteTeamCountry "GER"]
[BlackTeamCountry "GER"]

1. c4 Nf6 2. Nc3 g6 3. e4 d6 4. d4 Bg7 5. Nf3 O-O 6. Be2 e5 7. dxe5 dxe5 8. Qxd8 Rxd8 9. Bg5 Re8 10. Nd5 Nxd5 11. cxd5 c6 12. Bc4 cxd5 13. Bxd5 Nc6 14. Bxc6 bxc6 15. Rc1 Ba6 16. Nd2 h6 17. Be3 Bd3 18. f3 a5 19. Kf2 Re6 20. Nb3 Bf8 21. Rhd1 Bb5 22. Rd7 a4 23. Nc5 Ree8 24. Rcd1 Bc4 25. a3 Reb8 26. R1d2 Rb5 27. Nb7 Rb8 28. Nd6 Bxd6 29. R7xd6 Rxb2 30. Rxc6 Rxd2+ 31. Bxd2 Rb2 32. Rxc4 Rxd2+ 33. Kg3 Kg7 34. Rxa4 Ra2 35. Ra5 Kf6 36. Ra6+ Kg7 37. h4 h5 38. Kh3 Rf2 39. Rb6 Ra2 40. Rb3 Kf6 41. g3 Kg7 42. f4 Re2 43. fxe5 Rxe4 44. Rb5 Ra4 45. Rb7 Kf8 46. Rb3 Re4 47. Kg2 Rxe5 48. a4 Re2+ 49. Kf3 Ra2 50. Rb4 Kg7 51. Kf4 Rf2+ 52. Ke5 Rf3 53. g4 hxg4 54. Rxg4 Ra3 55. Kd5 Kh6 56. Rf4 1/2-1/2

[Event "Oberliga Ost A 2023 2024"]
[Site "?"]
[Date "2024.03.17"]
[Round "9.2"]
[Board "4"]
[White "Schunk, Thomas"]
[Black "Herter, Arne"]
[Result "1/2-1/2"]
[WhiteElo "2162"]
[BlackElo "2050"]
[PlyCount "55"]
[EventDate "2023.10.22"]
[EventType "team-tourn"]
[EventCountry "GER"]
[WhiteTeam "Leipzig SG II"]
[BlackTeam "Magdeburg SG Aufbau Elbe II"]
[WhiteTeamCountry "GER"]
[BlackTeamCountry "GER"]

1. c4 Nf6 2. Nc3 g6 3. g3 Bg7 4. Bg2 O-O 5. d4 d6 6. Nf3 c5 7. O-O Nc6 8. h3 a6 9. Be3 cxd4 10. Nxd4 Nxd4 11. Bxd4 Bd7 12. a4 Qc8 13. Bxf6 exf6 14. Qxd6 Bxh3 15. Nd5 Qg4 16. Ne3 Qh5 17. Bf3 Qg5 18. Rfd1 f5 19. Bxb7 Rab8 20. Bf3 Rxb2 21. Qf4 Qe7 22. Qh4 Qxh4 23. gxh4 Rc8 24. Rac1 Bf8 25. Nd5 Kg7 26. a5 Bg4 27. Nb6 Rc7 28. Kg2 1/2-1/2